International business : (Record no. 6999)
[ view plain ]
| 000 -LEADER | |
|---|---|
| fixed length control field | 00891nam a2200277 a 4500 |
| 001 - CONTROL NUMBER | |
| control field | 7575 |
| 003 - CONTROL NUMBER IDENTIFIER | |
| control field | BD-DhUAP |
| 005 - DATE AND TIME OF LATEST TRANSACTION | |
| control field | 20210112113834.0 |
| 008 - FIXED-LENGTH DATA ELEMENTS--GENERAL INFORMATION | |
| fixed length control field | 201220s2004 ii a b 001 0 eng d |
| 020 ## - INTERNATIONAL STANDARD BOOK NUMBER | |
| International Standard Book Number | 0131461060 |
| 040 ## - CATALOGING SOURCE | |
| Original cataloging agency | DLC |
| Transcribing agency | DLC |
| Modifying agency | BD-DhUAP |
| Language of cataloging | eng |
| 082 00 - DEWEY DECIMAL CLASSIFICATION NUMBER | |
| Classification number | 658.18 DAN |
| Edition number | 23 |
| 100 1# - MAIN ENTRY--PERSONAL NAME | |
| Personal name | Daniels, John D. |
| 245 10 - TITLE STATEMENT | |
| Title | International business : |
| Remainder of title | environments and operations / |
| Statement of responsibility, etc. | John D. Daniels, Lee H. Radebaugh and Daniel P. Sullivan. |
| 250 ## - EDITION STATEMENT | |
| Edition statement | 10th ed. |
| 260 ## - PUBLICATION, DISTRIBUTION, ETC. | |
| Place of publication, distribution, etc. | New Jersey : |
| Name of publisher, distributor, etc. | Pearson, |
| Date of publication, distribution, etc. | c2004. |
| 300 ## - PHYSICAL DESCRIPTION | |
| Extent | xxxiii, 701 pages : |
| Other physical details | illustrations ; |
| Dimensions | 25 cm. |
| 504 ## - BIBLIOGRAPHY, ETC. NOTE | |
| Bibliography, etc. note | Includes bibliographical references and index. |
| 650 #0 - SUBJECT ADDED ENTRY--TOPICAL TERM | |
| Topical term or geographic name entry element | International business enterprises. |
| 650 #0 - SUBJECT ADDED ENTRY--TOPICAL TERM | |
| Topical term or geographic name entry element | International economic relations. |
| 650 #0 - SUBJECT ADDED ENTRY--TOPICAL TERM | |
| Topical term or geographic name entry element | Investments, Foreign. |
| 700 1# - ADDED ENTRY--PERSONAL NAME | |
| Personal name | Radebaugh, Lee H. |
| 700 1# - ADDED ENTRY--PERSONAL NAME | |
| Personal name | Daniel P. Sullivan. |
| 942 ## - ADDED ENTRY ELEMENTS (KOHA) | |
| Source of classification or shelving scheme | |
| Koha item type | Book |
| Withdrawn status | Lost status | Source of classification or shelving scheme | Damaged status | Not for loan | Permanent Location | Current Location | Shelving location | Date acquired | Full call number | Barcode | Date last seen | Copy number | Price effective from | Koha item type |
|---|---|---|---|---|---|---|---|---|---|---|---|---|---|---|
| UAP Central Library | DBA Seminar Library | General Stacks | 2021-01-12 | 658.18 DAN | 3010007575 | 2021-01-12 | 1 | 2021-01-12 | Book | |||||
| UAP Central Library | DBA Seminar Library | General Stacks | 2021-01-12 | 658.18 DAN | 3010007574 | 2021-01-12 | 2 | 2021-01-12 | Book | |||||
| UAP Central Library | DBA Seminar Library | General Stacks | 2021-01-12 | 658.18 DAN | 3010008565 | 2021-01-12 | 3 | 2021-01-12 | Book | |||||
| UAP Central Library | DBA Seminar Library | General Stacks | 2021-01-12 | 658.18 DAN | 3010008563 | 2021-01-12 | 4 | 2021-01-12 | Book | |||||
| UAP Central Library | DBA Seminar Library | General Stacks | 2021-01-12 | 658.18 DAN | 3010008564 | 2021-01-12 | 5 | 2021-01-12 | Book | |||||
| UAP Central Library | DBA Seminar Library | General Stacks | 2021-01-12 | 658.18 DAN | 3010007573 | 2021-01-12 | 6 | 2021-01-12 | Book | |||||
| UAP Central Library | DBA Seminar Library | General Stacks | 2021-01-12 | 658.18 DAN | 3010007576 | 2021-01-12 | 7 | 2021-01-12 | Book | |||||
| UAP Central Library | DBA Seminar Library | General Stacks | 2021-01-12 | 658.18 DAN | 3010008562 | 2021-01-12 | 8 | 2021-01-12 | Book | |||||
| UAP Central Library | DBA Seminar Library | General Stacks | 2021-01-12 | 658.18 DAN | 3010007572 | 2021-01-12 | 9 | 2021-01-12 | Book | |||||
| UAP Central Library | UAP Central Library | Reserve Stacks | 2021-01-30 | 658.18 DAN | 3010007571 | 2021-01-30 | 10 | 2021-01-30 | Book | |||||
| UAP Central Library | UAP Central Library | Reserve Stacks | 2021-01-30 | 658.18 DAN | 3010007568 | 2021-01-30 | 11 | 2021-01-30 | Book | |||||
| UAP Central Library | UAP Central Library | Reserve Stacks | 2021-01-30 | 658.18 DAN | 3010008566 | 2021-01-30 | 12 | 2021-01-30 | Book | |||||
| UAP Central Library | UAP Central Library | Reserve Stacks | 2021-01-30 | 658.18 DAN | 3010007567 | 2021-01-30 | 13 | 2021-01-30 | Book | |||||
| UAP Central Library | UAP Central Library | Reserve Stacks | 2021-01-30 | 658.18 DAN | 3010007570 | 2021-01-30 | 14 | 2021-01-30 | Book | |||||
| UAP Central Library | UAP Central Library | Reserve Stacks | 2021-01-30 | 658.18 DAN | 3010007569 | 2021-01-30 | 15 | 2021-01-30 | Book |
Bengali Keyboard